Vrai dinosaure ou inventé? #2 - Statistiques

Statistiques générales
  • Ce quiz a été pris 369 fois
  • Le résultat moyen est 16 sur 20
Statistiques - réponses
Question Réponse % Correct
Chatodewinsaure Inventé
100%
Vélociraptor Réel
100%
Stégosaure Réel
100%
Mauvésaure Inventé
98%
Ankylosaure Réel
98%
Nakedeusékaï Inventé
96%
Allosaure Réel
96%
Spinosaure Réel
96%
Parasaurolophus Réel
95%
Ptyranidur Inventé
91%
Dénonsaurus Inventé
89%
Protocératops Réel
82%
Aquariodon Inventé
76%
Primarodon Inventé
73%
Alloraptor Inventé
69%
Pyroraptor Réel
69%
Titanoraptor Inventé
65%
Australosaure Inventé
53%
Xuwulong Réel
47%
Thanos Réel
4%
Aucun quiz correspondant
Distribution des résultats
% des personnes avec chaque résultat
Percentile par nombre de réponses
Votre historique - résultats
Vous n’avez pas pris ce quiz